000 00609nam a22001937a 4500
005 20170911123441.0
010 _aENG-120376
020 _a9789383649969
_c780.00
035 _aEN-103908
037 _bDBAD/PUB
082 _a343.54701
100 _aJha,U.C.
245 _aPakistan army :
_cby U.P.Jha
_blegislator judge and executioner /
260 _aNew Delhi
_bKW Publishers
_c2016
270 _a4676/21,First Floor, Ansari Road,Daryaganj
_bNew Delhi
_e110002
300 _aviii,199p.
_c24cm (Hb)
500 _aIncludes bibliographical reference
942 _2ddc
_cEN
_h343.54701
_mJHA
999 _c144265
_d144265